Nauki biologiczne - Statystyki

Ogólne statystyki
  • Ten quiz został rozwiązany 634 razy
  • Średni wynik to 4 z 19
Statystyki odpowiedzi
Hint Odpowiedź % Poprawnych
2 anatomia
54%
4 botanika
52%
12 zoologia
50%
8 genetyka
36%
14 ekologia
32%
13 mikrobiologia
27%
1 biochemia
23%
10 fizjologia
23%
6 cytologia
15%
9 histologia
15%
7 ewolucjonizm
8%
16 wirusologia
7%
18 systematyka
6%
17 neurobiologia
4%
11 paleontologia
4%
19 taksonomia
3%
5 embriologia
2%
15 sozologia
2%
3 astrobiologia
1%
Nie znaleziono quizów pasujących do podanych kryteriów
Rozkład punktacji
Procent ludzi z każdym wynikiem
Percentyl według liczby udzielonych odpowiedzi
Twoja historia wyników
Nie rozwiązałeś tego quizu